Speciaľnyj kurs trigonometrii.

Uložené v:
Podrobná bibliografia
Hlavný autor: Novoselov, Sergej Iosifovič, 1909-1974 (Author)
Médium: Kniha
Jazyk:Slovak
Vydané: 1953.
Fyzický popis: 463 s.
Tagy: Pridať tag
Žiadne tagy, Buďte prvý kto otaguje tento záznam!

MARC

LEADER 00000nam a22000004a 4500
001 000570521
005 20180108104737.0
008 180108s1953 xo e 000 0 slo d
040 |a SVKKK  |b slo  |c SVKKK  |e AACR2 
100 1 |a Novoselov, Sergej Iosifovič,  |d 1909-1974  |4 aut 
245 1 0 |a Speciaľnyj kurs trigonometrii. 
260 |c 1953. 
300 |a 463 s. 
500 |a Záznam revízie 
910 |a svkkk 
998 |a BK 
090 |g SCKHL  |k Sklad  |a III.7671  |j 61395  |i 2720507689  |4 Zastaraná  |s Vyradená